Foot 2024: Coupe d'Afrique, Coupe d'Asie, Euro, Copa America - Statistiques

Statistiques générales
  • Ce quiz a été pris 801 fois
    463 depuis la dernière actualisation
  • Le résultat moyen est 63 sur 88
Statistiques - réponses
Réponse % Correct
Maroc
94%
Algérie
93%
France
93%
Espagne
92%
Allemagne
89%
Argentine
89%
Brésil
89%
Japon
89%
Portugal
89%
Angleterre
88%
Côte d'Ivoire
88%
Italie
88%
Sénégal
88%
Tunisie
88%
Chine
87%
Belgique
86%
Etats-Unis
85%
Afrique du Sud
84%
Corée du Sud
84%
Croatie
84%
Egypte
84%
Suisse
84%
Mexique
83%
Nigeria
83%
Pays-Bas
83%
RD Congo
83%
Turquie
83%
Autriche
82%
Cameroun
82%
Chili
82%
Colombie
82%
Uruguay
82%
Canada
81%
Pologne
81%
Ukraine
81%
Guinée
80%
Slovaquie
80%
Danemark
79%
Ecosse
78%
Slovénie
78%
Hongrie
77%
Mali
77%
Qatar
77%
Albanie
76%
Bolivie
76%
Paraguay
75%
Pérou
75%
Arabie Saoudite
74%
Géorgie
74%
Roumanie
74%
Equateur
73%
Iran
73%
Serbie
73%
République Tchèque
71%
Venezuela
71%
Guinée Equatoriale
70%
Inde
70%
Ghana
69%
Irak
69%
Angola
67%
Australie
67%
Costa Rica
65%
Mauritanie
64%
Guinée-Bissau
63%
Panama
62%
Zambie
62%
Cap-Vert
61%
Indonésie
57%
Syrie
55%
Viêt Nam
54%
Burkina Faso
53%
Jordanie
53%
Tanzanie
53%
Thaïlande
53%
Namibie
52%
Emirats Arabes Unis
50%
Gambie
50%
Jamaïque
50%
Mozambique
50%
Oman
49%
Ouzbékistan
47%
Liban
45%
Palestine
41%
Malaisie
40%
Bahreïn
38%
Tadjikistan
36%
Kirghizistan
30%
Hong Kong
16%
Aucun quiz correspondant
Distribution des résultats
% des personnes avec chaque résultat
Percentile par nombre de réponses
Votre historique - résultats
Vous n’avez pas pris ce quiz depuis la dernière actualisation